| 000 | 01120cam a2200337 a 4500 | ||
|---|---|---|---|
| 001 | 11767678 | ||
| 003 | OSt | ||
| 005 | 20140310182704.0 | ||
| 008 | 990720s1998 njua 001 0 eng | ||
| 010 | _a 99041239 | ||
| 020 | _a9814009083 | ||
| 035 | _a(DLC) 99041239 | ||
| 040 |
_aDLC _cDLC _dDLC |
||
| 050 | 0 | 0 |
_aQA 152 _b.K81 1998 |
| 082 | 0 | 0 |
_aM 512.520 _221 _bK83 1998 |
| 100 | 1 |
_aKolman, Bernard, _d1932- |
|
| 245 | 1 | 0 |
_aElementary linear algebra _cKolman, Bernard |
| 250 | _a6th ed. | ||
| 260 |
_aUpper Saddle River, N.J. _bPrentice Hall _cc1998 |
||
| 300 |
_axv, 568 p. _bill. _c25 cm. |
||
| 500 | _aIncludes index. | ||
| 521 | _aHigh School to College Student | ||
| 526 | _c1210L to 1700L | ||
| 541 | _j1 | ||
| 562 | _efor circulation. 1 copy available in the collection | ||
| 650 | 0 | _aAlgebras, Linear. | |
| 700 | 1 |
_aHill, David R. _q(David Ross), _d1943- |
|
| 906 |
_a7 _bcbc _corignew _d1 _eocip _f19 _gy-gencatlg |
||
| 942 |
_2lcc _cBK _kM |
||
| 999 |
_c15194 _d15194 |
||